Normal view
MARC view
Entry Geographic Name
001 - CONTROL NUMBER
- control field: 49161
003 - CONTROL NUMBER IDENTIFIER
- control field: ARRUPE
005 - DATE AND TIME OF LATEST TRANSACTION
- control field: 20200130095122.0
008 - FIXED-LENGTH DATA ELEMENTS
- fixed length control field: 200130|| aca||aabn | a|a d
040 ## - CATALOGING SOURCE
- Original cataloging agency: ARRUPE
- Transcribing agency: ARRUPE
151 ## - HEADING--GEOGRAPHIC NAME
- Geographic name: France
- General subdivision: History
- General subdivision: Louis xiv
670 ## - SOURCE DATA FOUND
- Source citation: Work cat.: (ARRUPE): Panicucci, Alfredo 49159, The Life and times of Louis xiv, 1968